[Event "2. Bundesliga Ost 2016/2017"]
[Site "alle Wien"]
[Date "2017.01.14"]
[Round "6"]
[Board "3"]
[White "Wilke, Werner"]
[Black "Schwab, Lukas"]
[Result "0-1"]
[WhiteElo "2226"]
[BlackElo "2087"]
[PlyCount "150"]
[EventDate "2016.10.15"]
[EventType "team"]
[EventRounds "11"]
[EventCountry "AUT"]
[WhiteTeam "ASVOE VHS Poechlarn"]
[BlackTeam "SC Donaustadt"]

1. e4 e5 2. Nf3 Nc6 3. d4 exd4 4. Nxd4 Bb4+ 5. c3 Bc5 6. Be3 Bb6 7. Nf5 g6 8.
Bxb6 axb6 9. Ne3 Nf6 10. f3 O-O 11. Be2 Re8 12. O-O d6 13. c4 Nb4 14. Nc3 Na6
15. Qd4 Nc5 16. Ned5 Nfd7 17. b4 Ne6 18. Qd2 c6 19. Ne3 Qf6 20. Rfd1 Ra3 21.
Rac1 Nf4 22. Ng4 Qg5 23. h4 Nxe2+ 24. Nxe2 Qxd2 25. Rxd2 h5 26. Nf2 Ne5 27.
Rxd6 Rxa2 28. Nf4 Rb2 29. N2d3 Nxd3 30. Nxd3 Rb3 31. c5 b5 32. Rd4 Be6 33. Ne5
Ra8 34. Rd6 Kg7 35. Nd3 Bc4 36. Rd1 Bxd3 37. R6xd3 Rxb4 38. Rd7 Rc4 39. Rxb7
Rxc5 40. Rdd7 Rf8 41. Rdc7 Rc4 42. Rb6 b4 43. Rcxc6 Rxc6 44. Rxc6 Rb8 45. Rc1
b3 46. Rb1 Kf6 47. Kf2 b2 48. Ke3 Ke5 49. f4+ Ke6 50. Kd4 Rb4+ 51. Kc3 Rxe4 52.
Rxb2 Rxf4 53. Kd3 Rxh4 54. Ke3 Kf6 55. Kf3 Ra4 56. Rb3 g5 57. Kg3 Ra5 58. Kh3
Ra4 59. Rc3 Kf5 60. Rb3 f6 61. Rf3+ Kg6 62. Rb3 Rd4 63. Ra3 Kf5 64. Rf3+ Ke5
65. Ra3 Ke4 66. Ra8 Rd3+ 67. Kh2 Kf4 68. Ra4+ Kf5 69. Ra5+ Kg6 70. Ra8 h4 71.
Rb8 Ra3 72. Rc8 f5 73. Rc5 g4 74. Rc8 Ra1 75. g3 Ra2+ 0-1

[Event "2. Bundesliga Ost 2016/2017"]
[Site "alle Wien"]
[Date "2017.01.14"]
[Round "6"]
[Board "4"]
[White "Froewis, Annika"]
[Black "Ernst, Michael"]
[Result "1/2-1/2"]
[WhiteElo "2101"]
[BlackElo "2071"]
[PlyCount "68"]
[EventDate "2016.10.15"]
[EventType "team"]
[EventRounds "11"]
[EventCountry "AUT"]
[WhiteTeam "SC Donaustadt"]
[BlackTeam "ASVOE VHS Poechlarn"]

1. e4 e6 2. d4 d5 3. Nc3 Nf6 4. e5 Nfd7 5. f4 c5 6. Nf3 Nc6 7. Be3 cxd4 8. Nxd4
Bc5 9. Qd2 Nxd4 10. Bxd4 Bxd4 11. Qxd4 Qb6 12. Qxb6 Nxb6 13. Nb5 Ke7 14. O-O-O
Bd7 15. Nd4 Rac8 16. h4 h5 17. Rh3 Na4 18. Be2 g6 19. Kb1 Nc5 20. Bf3 Na6 21.
Rg3 Rhg8 22. Rg5 Bc6 23. Rh1 Nc5 24. a3 a6 25. Rh3 Rh8 26. Rh1 Rhd8 27. g4 hxg4
28. Rxg4 Rh8 29. Rg5 Ne4 30. Rg2 Rh6 31. Kc1 Rch8 32. Nxc6+ bxc6 33. Bxe4 dxe4
34. Kd2 Rxh4 1/2-1/2

[Event "2. Bundesliga Ost 2016/2017"]
[Site "alle Wien"]
[Date "2017.01.14"]
[Round "6"]
[Board "6"]
[White "Karlusch, Albrecht"]
[Black "Fasser, Walter"]
[Result "1/2-1/2"]
[WhiteElo "2142"]
[BlackElo "1889"]
[PlyCount "90"]
[EventDate "2016.10.15"]
[EventType "team"]
[EventRounds "11"]
[EventCountry "AUT"]
[WhiteTeam "SC Donaustadt"]
[BlackTeam "ASVOE VHS Poechlarn"]

1. e4 d5 2. exd5 Nf6 3. c4 e6 4. d4 exd5 5. Nc3 Be7 6. Nf3 O-O 7. Bd3 dxc4 8.
Bxc4 Bg4 9. Be3 Nbd7 10. O-O Nb6 11. Bd3 c6 12. h3 Bh5 13. g4 Bg6 14. Ne5 Bxd3
15. Qxd3 Bd6 16. Rad1 Nfd5 17. Bc1 f6 18. Nc4 Bc7 19. Ne4 Nf4 20. Bxf4 Bxf4 21.
Nc5 Qd5 22. b3 Nxc4 23. bxc4 Qf7 24. d5 cxd5 25. cxd5 Bd6 26. Ne6 Rfe8 27. f4
Re7 28. Kh1 Rae8 29. f5 Rd7 30. Rf2 Rc8 31. Rg2 h6 32. Rc2 Rxc2 33. Qxc2 Re7
34. Rb1 Qe8 35. Qc4 Qb8 36. Rc1 Kf7 37. Rc3 Re8 38. Qa4 Re7 39. Qc2 Re8 40. Qa4
Re7 41. Qd1 Re8 42. Re3 Qc8 43. Qd2 Qc4 44. Kg2 Rc8 45. Re2 Bb4 1/2-1/2

[Event "2. Bundesliga Ost 2016/2017"]
[Site "alle Wien"]
[Date "2017.01.14"]
[Round "6"]
[Board "1"]
[White "Lizak, Peter"]
[Black "Polak, Tomas"]
[Result "1/2-1/2"]
[WhiteElo "2445"]
[BlackElo "2505"]
[PlyCount "42"]
[EventDate "2016.10.15"]
[EventType "team"]
[EventRounds "11"]
[EventCountry "AUT"]
[WhiteTeam "SC Data Technology Pressbaum/E."]
[BlackTeam "SK Hietzing"]

1. c4 Nf6 2. Nc3 e6 3. e4 e5 4. Nf3 Nc6 5. Be2 Bb4 6. O-O Bxc3 7. dxc3 d6 8.
Qc2 O-O 9. Rd1 Qe7 10. Nd2 Nd8 11. Nf1 Ne6 12. Ne3 Nf4 13. Bf3 Re8 14. Nf5 Bxf5
15. exf5 e4 16. Bxf4 exf3 17. gxf3 Qd7 18. Re1 Qc6 19. Qd3 h6 20. Kg2 a6 21. b3
Kf8 1/2-1/2

[Event "2. Bundesliga Ost 2016/2017"]
[Site "alle Wien"]
[Date "2017.01.14"]
[Round "6"]
[Board "2"]
[White "Penz, Harald"]
[Black "Videki, Sandor"]
[Result "1/2-1/2"]
[WhiteElo "2315"]
[BlackElo "2421"]
[PlyCount "61"]
[EventDate "2016.10.15"]
[EventType "team"]
[EventRounds "11"]
[EventCountry "AUT"]
[WhiteTeam "SK Hietzing"]
[BlackTeam "SC Data Technology Pressbaum/E."]

1. e4 c6 2. Nc3 d5 3. Nf3 Bg4 4. h3 Bxf3 5. Qxf3 Nf6 6. d4 dxe4 7. Qe3 Nbd7 8.
Be2 e6 9. O-O Be7 10. Rd1 O-O 11. Nxe4 Nxe4 12. Qxe4 Nf6 13. Qf3 Qb6 14. Qb3
Qxb3 15. axb3 Rfd8 16. Bf3 a6 17. c3 Rd7 18. Bg5 Ne8 19. Bxe7 Rxe7 20. Kf1 Rd8
21. Re1 Kf8 22. g3 Nd6 23. Bd1 Rde8 24. Bc2 h6 25. Re5 Rd8 26. Rae1 Red7 27.
Bd3 g6 28. b4 Ne8 29. Bc2 Nc7 30. Bb3 Kg7 31. R5e2 1/2-1/2

[Event "2. Bundesliga Ost 2016/2017"]
[Site "alle Wien"]
[Date "2017.01.14"]
[Round "6"]
[Board "3"]
[White "Neumeier, Klaus"]
[Black "Vyskocil, Neklan"]
[Result "1/2-1/2"]
[WhiteElo "2286"]
[BlackElo "2332"]
[PlyCount "36"]
[EventDate "2016.10.15"]
[EventType "team"]
[EventRounds "11"]
[EventCountry "AUT"]
[WhiteTeam "SC Data Technology Pressbaum/E."]
[BlackTeam "SK Hietzing"]

1. Nf3 Nf6 2. c4 e6 3. g3 b6 4. Bg2 Bb7 5. O-O Be7 6. Nc3 O-O 7. d4 Ne4 8. Bd2
f5 9. d5 Bf6 10. Rc1 Na6 11. a3 Nac5 12. b4 Nxc3 13. Bxc3 Bxc3 14. Rxc3 Ne4 15.
Rc1 a5 16. Qb3 axb4 17. axb4 Qf6 18. e3 h6 1/2-1/2

[Event "2. Bundesliga Ost 2016/2017"]
[Site "alle Wien"]
[Date "2017.01.14"]
[Round "6"]
[Board "6"]
[White "Stadler, Peter"]
[Black "Schmidrathner, Christian"]
[Result "1-0"]
[WhiteElo "2082"]
[BlackElo "2084"]
[PlyCount "35"]
[EventDate "2016.10.15"]
[EventType "team"]
[EventRounds "11"]
[EventCountry "AUT"]
[WhiteTeam "SK Hietzing"]
[BlackTeam "SC Data Technology Pressbaum/E."]

1. Nf3 Nf6 2. g3 g6 3. Bg2 Bg7 4. O-O O-O 5. d4 d6 6. c4 Na6 7. Nc3 c5 8. h3
cxd4 9. Nxd4 Nc5 10. e4 Rb8 11. Be3 a6 12. Qc2 Ne6 13. Rfd1 Qa5 14. Rac1 Qh5
15. g4 Qa5 16. f4 b5 17. Nc6 Qc7 18. e5 1-0

[Event "2. Bundesliga Ost 2016/2017"]
[Site "alle Wien"]
[Date "2017.01.14"]
[Round "6"]
[Board "1"]
[White "Brod, Manfred"]
[Black "Bachofner, Andreas"]
[Result "1-0"]
[WhiteElo "2277"]
[BlackElo "2214"]
[PlyCount "145"]
[EventDate "2016.10.15"]
[EventType "team"]
[EventRounds "11"]
[EventCountry "AUT"]
[WhiteTeam "ASVOE Mattersburg"]
[BlackTeam "Blackburne Nickelsdorf 2"]

1. e4 d5 2. exd5 Qxd5 3. Nc3 Qa5 4. d4 Nf6 5. Bd2 a6 6. Bc4 Qb6 7. Nf3 Bf5 8.
Qe2 Nc6 9. O-O-O Nxd4 10. Nxd4 Qxd4 11. f3 h5 12. Bg5 Qb6 13. Rhe1 e6 14. Bxf6
gxf6 15. Nd5 Bh6+ 16. Kb1 Qc6 17. Nxf6+ Ke7 18. Nxh5 Bg6 19. Ng3 Bg7 20. h3 Qb6
21. b3 Qb4 22. Bxe6 fxe6 23. Qxe6+ Kf8 24. Qxg6 Qc3 25. Qf5+ Kg8 26. Kc1 Qb2+
27. Kd2 Bc3+ 28. Ke2 Re8+ 29. Kf1 Rxe1+ 30. Rxe1 Bxe1 31. Kxe1 Qc1+ 32. Ke2 Rh6
33. Qc8+ Kf7 34. Qxc7+ Ke8 35. Qc8+ Kf7 36. Qxb7+ Ke8 37. Qc8+ Kf7 38. Qd7+ Kf8
39. Qf5+ Ke7 40. Qc5+ Kd7 41. Qa7+ Kc8 42. Qc5+ Kb7 43. Qe7+ Kb8 44. Qb4+ Kc7
45. Qe7+ Kb8 46. Qe8+ Kb7 47. Qd7+ Kb6 48. Qd3 Rc6 49. c4 Qa3 50. Qc2 Qe7+ 51.
Ne4 Rg6 52. g4 Rh6 53. c5+ Kb7 54. Qc4 Rxh3 55. Qb4+ Kc8 56. Qa4 Kb7 57. Qa5
Rh6 58. Kd3 Rc6 59. b4 Qf8 60. Ke3 Qh6+ 61. g5 Qh1 62. Qd8 Qe1+ 63. Kf4 Qh4+
64. Ke5 Qh2+ 65. f4 Qe2 66. a4 Re6+ 67. Kxe6 Qxe4+ 68. Kf7 Qxf4+ 69. Qf6 Qc4+
70. Kf8 Kc8 71. Qc6+ Kd8 72. Qe8+ Kc7 73. Qf7+ 1-0

[Event "2. Bundesliga Ost 2016/2017"]
[Site "alle Wien"]
[Date "2017.01.14"]
[Round "6"]
[Board "2"]
[White "Koffler, Daniel"]
[Black "Pallitsch, Clemens"]
[Result "1-0"]
[WhiteElo "2152"]
[BlackElo "2202"]
[PlyCount "43"]
[EventDate "2016.10.15"]
[EventType "team"]
[EventRounds "11"]
[EventCountry "AUT"]
[WhiteTeam "Blackburne Nickelsdorf 2"]
[BlackTeam "ASVOE Mattersburg"]

1. e4 c5 2. Nf3 d6 3. d4 cxd4 4. Nxd4 Nf6 5. Nc3 g6 6. Be3 Bg7 7. f3 O-O 8. Qd2
Nc6 9. Bc4 Bd7 10. O-O-O Rc8 11. Bb3 Ne5 12. Kb1 Nc4 13. Bxc4 Rxc4 14. g4 b5
15. h4 h5 16. gxh5 Nxh5 17. Rdg1 Qa5 18. Nb3 Qa6 19. Rg5 Rfc8 20. Rxh5 gxh5 21.
Rg1 Kh8 22. Qd5 1-0

[Event "2. Bundesliga Ost 2016/2017"]
[Site "alle Wien"]
[Date "2017.01.14"]
[Round "6"]
[Board "3"]
[White "Salamon, Werner"]
[Black "Kuntner, Reinhard"]
[Result "1-0"]
[WhiteElo "2157"]
[BlackElo "2076"]
[PlyCount "45"]
[EventDate "2016.10.15"]
[EventType "team"]
[EventRounds "11"]
[EventCountry "AUT"]
[WhiteTeam "ASVOE Mattersburg"]
[BlackTeam "Blackburne Nickelsdorf 2"]

1. e4 c5 2. c3 a6 3. d4 cxd4 4. cxd4 d5 5. exd5 Nf6 6. Nc3 Nxd5 7. Bc4 e6 8.
Nf3 Be7 9. O-O b5 10. Bxd5 exd5 11. Ne5 O-O 12. Qb3 Bb7 13. Be3 Kh8 14. Rac1 f6
15. Nd3 Nc6 16. Nf4 Na5 17. Qd1 Qd7 18. Qh5 Rfd8 19. Rfe1 Rac8 20. Ncxd5 Bxd5
21. Rxc8 Rxc8 22. Ng6+ Kg8 23. Qxd5+ 1-0

[Event "2. Bundesliga Ost 2016/2017"]
[Site "alle Wien"]
[Date "2017.01.14"]
[Round "6"]
[Board "4"]
[White "Rongitsch, Thomas"]
[Black "Strodl, Joachim"]
[Result "1/2-1/2"]
[WhiteElo "2092"]
[BlackElo "2138"]
[PlyCount "67"]
[EventDate "2016.10.15"]
[EventType "team"]
[EventRounds "11"]
[EventCountry "AUT"]
[WhiteTeam "Blackburne Nickelsdorf 2"]
[BlackTeam "ASVOE Mattersburg"]

1. e4 g6 2. d4 Bg7 3. f4 d6 4. Nf3 a6 5. Nc3 e6 6. Be3 Ne7 7. Qd2 Nd7 8. a4 b6
9. Be2 Bb7 10. O-O O-O 11. Rad1 Nf6 12. Bd3 Ng4 13. h3 Nxe3 14. Qxe3 Nc6 15.
Bc4 Qe7 16. Rfe1 Nb4 17. Qd2 Qd7 18. Bb3 a5 19. d5 exd5 20. exd5 Rae8 21. Nb5
Na6 22. c3 Rxe1+ 23. Rxe1 Re8 24. Rxe8+ Qxe8 25. Bc2 Bc8 26. b3 Qe7 27. Kf2 Bd7
28. Nbd4 Nc5 29. Qe3 Qf6 30. g4 Kf8 31. Ng5 Kg8 32. Kg3 h6 33. Ngf3 Kf8 34. h4
 1/2-1/2

[Event "2. Bundesliga Ost 2016/2017"]
[Site "alle Wien"]
[Date "2017.01.14"]
[Round "6"]
[Board "5"]
[White "Braun, Karl-Heinz"]
[Black "Bachofner, Christian"]
[Result "1/2-1/2"]
[WhiteElo "2034"]
[BlackElo "2030"]
[PlyCount "69"]
[EventDate "2016.10.15"]
[EventType "team"]
[EventRounds "11"]
[EventCountry "AUT"]
[WhiteTeam "ASVOE Mattersburg"]
[BlackTeam "Blackburne Nickelsdorf 2"]

1. e4 c5 2. Nf3 d6 3. d4 cxd4 4. Nxd4 Nf6 5. Bd3 a6 6. O-O e5 7. Ne2 Be7 8. h3
Be6 9. Nbc3 Nbd7 10. Be3 b5 11. f4 Qc7 12. b4 O-O 13. a4 bxa4 14. Rxa4 exf4 15.
Rxf4 Nh5 16. Rf1 Qb7 17. Qa1 Nb6 18. Bxa6 Qb8 19. Ra5 Nf6 20. Bd4 Nfd7 21. Bd3
Qb7 22. Qe1 Nc4 23. Qg3 f6 24. Rfa1 Nxa5 25. bxa5 Nc5 26. Nf4 Bf7 27. Ncd5 Bxd5
28. Nxd5 Nxd3 29. cxd3 Bd8 30. Qxd6 Bxa5 31. Rf1 Rad8 32. Qc5 Bd2 33. Qc2 Rxd5
34. exd5 Qxd5 35. Qc4 1/2-1/2

[Event "2. Bundesliga Ost 2016/2017"]
[Site "alle Wien"]
[Date "2017.01.14"]
[Round "6"]
[Board "6"]
[White "Gratze, Michael"]
[Black "Savio, Alfred Jun."]
[Result "1-0"]
[WhiteElo "2019"]
[BlackElo "2024"]
[PlyCount "63"]
[EventDate "2016.10.15"]
[EventType "team"]
[EventRounds "11"]
[EventCountry "AUT"]
[WhiteTeam "Blackburne Nickelsdorf 2"]
[BlackTeam "ASVOE Mattersburg"]

1. e4 c5 2. Nf3 Nc6 3. d4 cxd4 4. Nxd4 Nf6 5. Nc3 e5 6. Ndb5 d6 7. Bg5 Be7 8.
Bxf6 gxf6 9. Nd5 O-O 10. Nxe7+ Qxe7 11. Qxd6 Be6 12. Qxe7 Nxe7 13. O-O-O Rac8
14. Kb1 a6 15. Nd6 Rc7 16. Be2 Nc6 17. c3 b5 18. a3 Bb3 19. Rd2 Rd8 20. Bd1 Be6
21. Bc2 Rcd7 22. Rhd1 a5 23. b4 Kf8 24. Kc1 axb4 25. axb4 Rb8 26. Kb2 Ra7 27.
Bb3 Ke7 28. Nf5+ Kf8 29. Rd6 Rc7 30. Bxe6 fxe6 31. Rxe6 Kf7 32. Rdd6 1-0

[Event "2. Bundesliga Ost 2016/2017"]
[Site "alle Wien"]
[Date "2017.01.14"]
[Round "6"]
[Board "1"]
[White "Rubil, Marko"]
[Black "Menezes, Christoph"]
[Result "1-0"]
[WhiteElo "2306"]
[BlackElo "2411"]
[PlyCount "83"]
[EventDate "2016.10.15"]
[EventType "team"]
[EventRounds "11"]
[EventCountry "AUT"]
[WhiteTeam "SZ Favoriten"]
[BlackTeam "tschaturanga"]

1. e4 c5 2. Nf3 d6 3. d4 cxd4 4. Nxd4 Nf6 5. Nc3 a6 6. Bg5 e6 7. f4 h6 8. Bxf6
Qxf6 9. Qd2 g5 10. f5 Nc6 11. Nxc6 bxc6 12. O-O-O Qe5 13. Bc4 Rb8 14. Rhf1 Be7
15. Bb3 Qxh2 16. fxe6 Bxe6 17. Bxe6 fxe6 18. Qd4 Qe5 19. Qa7 Rd8 20. Qxa6 Qc5
21. Ne2 Rb8 22. Nd4 Kd7 23. Rf7 Rhe8 24. Nb3 Qe3+ 25. Kb1 Rf8 26. Rxf8 Bxf8 27.
Qc4 d5 28. exd5 exd5 29. Qg4+ Qe6 30. Qa4 Qd6 31. Rf1 Qb4 32. Qa7+ Rb7 33. Qe3
Qd6 34. Rf7+ Be7 35. Qh3+ Kd8 36. Rg7 Qd7 37. Nc5 Rxb2+ 38. Kxb2 Qxh3 39. Rg8+
Kc7 40. Na6+ Kb6 41. gxh3 Kxa6 42. Rg6 1-0

[Event "2. Bundesliga Ost 2016/2017"]
[Site "alle Wien"]
[Date "2017.01.14"]
[Round "6"]
[Board "2"]
[White "Wcislo, Damian"]
[Black "Ivancsics, Michael"]
[Result "1-0"]
[WhiteElo "2304"]
[BlackElo "2231"]
[PlyCount "63"]
[EventDate "2016.10.15"]
[EventType "team"]
[EventRounds "11"]
[EventCountry "AUT"]
[WhiteTeam "tschaturanga"]
[BlackTeam "SZ Favoriten"]

1. d4 Nf6 2. c4 c5 3. d5 e6 4. Nc3 exd5 5. cxd5 d6 6. Nf3 g6 7. g3 Bg7 8. Bg2
O-O 9. O-O Re8 10. Bf4 Ne4 11. Nxe4 Rxe4 12. Nd2 Rxf4 13. gxf4 Bxb2 14. Rb1 Bg7
15. a4 Nd7 16. Qc2 Nf6 17. Nc4 Rb8 18. Rfe1 Nh5 19. e3 f5 20. Qe2 Qc7 21. a5 b5
22. axb6 axb6 23. Na3 Nf6 24. Nb5 Qd7 25. Qa2 Ne4 26. Qa7 Qxa7 27. Nxa7 Nc3 28.
Nxc8 Rxc8 29. Rxb6 c4 30. Rxd6 Ne4 31. Bxe4 fxe4 32. Rc6 1-0

[Event "2. Bundesliga Ost 2016/2017"]
[Site "alle Wien"]
[Date "2017.01.14"]
[Round "6"]
[Board "3"]
[White "Steiner, Bruno"]
[Black "Sadilek, Peter"]
[Result "0-1"]
[WhiteElo "2166"]
[BlackElo "2274"]
[PlyCount "82"]
[EventDate "2016.10.15"]
[EventType "team"]
[EventRounds "11"]
[EventCountry "AUT"]
[WhiteTeam "SZ Favoriten"]
[BlackTeam "tschaturanga"]

1. d4 Nf6 2. c4 e6 3. Nc3 Bb4 4. e3 b6 5. Nge2 c5 6. a3 Ba5 7. Rb1 Qe7 8. Bd2
O-O 9. g3 Bb7 10. d5 exd5 11. Bg2 Bxc3 12. Bxc3 Ne4 13. cxd5 d6 14. O-O Na6 15.
Nf4 Nc7 16. Re1 Nxc3 17. bxc3 Ba6 18. e4 Qe5 19. Qd2 Rfe8 20. a4 Rad8 21. Bf1
Bxf1 22. Kxf1 f5 23. exf5 Qxf5 24. Kg2 Re4 25. f3 Rxa4 26. Rbd1 Rf8 27. h4 Qf6
28. Re4 Rxe4 29. fxe4 Qe5 30. Qe3 b5 31. h5 a5 32. h6 Re8 33. hxg7 a4 34. Re1
a3 35. Qf3 a2 36. Nh5 Nxd5 37. Rf1 Ne3+ 38. Qxe3 Qxh5 39. Qf2 Kxg7 40. Qxa2 Re7
41. Qf2 Rf7 0-1

[Event "2. Bundesliga Ost 2016/2017"]
[Site "alle Wien"]
[Date "2017.01.14"]
[Round "6"]
[Board "4"]
[White "Kreindl, Helmut"]
[Black "Knoflicek, Ctibor"]
[Result "0-1"]
[WhiteElo "2226"]
[BlackElo "2212"]
[PlyCount "66"]
[EventDate "2016.10.15"]
[EventType "team"]
[EventRounds "11"]
[EventCountry "AUT"]
[WhiteTeam "tschaturanga"]
[BlackTeam "SZ Favoriten"]

1. d4 Nf6 2. Bg5 Ne4 3. Bf4 d5 4. e3 c5 5. c3 Nc6 6. Nd2 Nxd2 7. Qxd2 cxd4 8.
exd4 Bf5 9. Nf3 e6 10. Bd3 Bxd3 11. Qxd3 Bd6 12. Bxd6 Qxd6 13. O-O h6 14. Rae1
O-O 15. Re3 Rab8 16. Ne5 Nxe5 17. dxe5 Qa6 18. Qxa6 bxa6 19. Re2 Rfc8 20. Rd1
Rc4 21. f3 a5 22. Kf2 a4 23. a3 Kh7 24. Ke3 Kg6 25. Rd4 Rxd4 26. Kxd4 Rc8 27.
g4 Kg5 28. Ke3 g6 29. Rg2 Rc4 30. f4+ Kh4 31. Kf3 g5 32. fxg5 hxg5 33. Ke3 Rxg4
 0-1

[Event "2. Bundesliga Ost 2016/2017"]
[Site "alle Wien"]
[Date "2017.01.14"]
[Round "6"]
[Board "5"]
[White "Chulis, Alexander"]
[Black "Leitner, Gerald"]
[Result "1/2-1/2"]
[WhiteElo "2157"]
[BlackElo "2160"]
[PlyCount "35"]
[EventDate "2016.10.15"]
[EventType "team"]
[EventRounds "11"]
[EventCountry "AUT"]
[WhiteTeam "SZ Favoriten"]
[BlackTeam "tschaturanga"]

1. e4 c5 2. Ne2 e6 3. c4 Nc6 4. d4 cxd4 5. Nxd4 Nf6 6. Nc3 Bb4 7. Nxc6 bxc6 8.
Bd3 e5 9. Bd2 O-O 10. O-O d6 11. Na4 Bxd2 12. Qxd2 Qe7 13. Rad1 Bg4 14. f3 Be6
15. Rfe1 Rad8 16. Bf1 Rd7 17. Qe3 Rfd8 18. b3 1/2-1/2

[Event "2. Bundesliga Ost 2016/2017"]
[Site "alle Wien"]
[Date "2017.01.14"]
[Round "6"]
[Board "6"]
[White "Lenz, Alarich"]
[Black "Bartl, Michael"]
[Result "1/2-1/2"]
[WhiteElo "2142"]
[BlackElo "1996"]
[PlyCount "48"]
[EventDate "2016.10.15"]
[EventType "team"]
[EventRounds "11"]
[EventCountry "AUT"]
[WhiteTeam "tschaturanga"]
[BlackTeam "SZ Favoriten"]

1. c4 Nf6 2. Nf3 e6 3. g3 d5 4. d4 c6 5. Bg2 Nbd7 6. O-O Be7 7. Qc2 O-O 8. Rd1
b6 9. Nc3 Ba6 10. cxd5 cxd5 11. Ne5 Nxe5 12. dxe5 Nd7 13. e4 d4 14. Rxd4 Qc7
15. Bf4 Rad8 16. Rad1 g5 17. Be3 Nxe5 18. Qa4 Qc8 19. Rxd8 Rxd8 20. Rxd8+ Bxd8
21. Qe8+ Kg7 22. f4 gxf4 23. gxf4 Qd7 24. Qxd7 Nxd7 1/2-1/2

[Event "2. Bundesliga Ost 2016/2017"]
[Site "alle Wien"]
[Date "2017.01.14"]
[Round "6"]
[Board "1"]
[White "Lipka, Juraj"]
[Black "Juhasz, Armin"]
[Result "1/2-1/2"]
[WhiteElo "2421"]
[BlackElo "2388"]
[PlyCount "77"]
[EventDate "2016.10.15"]
[EventType "team"]
[EventRounds "11"]
[EventCountry "AUT"]
[WhiteTeam "ASVOE Pamhagen"]
[BlackTeam "SK Sparkasse Bad Voeslau"]

1. Nf3 d5 2. d4 Nf6 3. c4 e6 4. g3 Bb4+ 5. Bd2 Bxd2+ 6. Nbxd2 O-O 7. Bg2 dxc4
8. Nxc4 Bd7 9. Nfe5 Bc6 10. Nxc6 Nxc6 11. e3 Rb8 12. O-O Qd7 13. Rc1 Rfd8 14.
Qe2 Nd5 15. Rfd1 Qe7 16. a3 h6 17. Qc2 Rd7 18. b4 a6 19. Nd2 Na7 20. Qb3 c6 21.
Ne4 Rdd8 22. Nc5 Nb5 23. Be4 g6 24. Bb1 Nf6 25. h3 Kg7 26. Kh2 h5 27. f4 Nd7
28. a4 Nc7 29. e4 Nxc5 30. bxc5 Qf6 31. Qe3 Rd7 32. Rc4 Rbd8 33. Rb4 Ne8 34.
Bc2 Kg8 35. Kg2 Qg7 36. Kf3 Qf6 37. Kg2 Qg7 38. Kf3 Qf6 39. Kg2 1/2-1/2

[Event "2. Bundesliga Ost 2016/2017"]
[Site "alle Wien"]
[Date "2017.01.14"]
[Round "6"]
[Board "2"]
[White "Juhasz, Kristof"]
[Black "Vitouch, Anatol"]
[Result "1-0"]
[WhiteElo "2401"]
[BlackElo "2320"]
[PlyCount "75"]
[EventDate "2016.10.15"]
[EventType "team"]
[EventRounds "11"]
[EventCountry "AUT"]
[WhiteTeam "SK Sparkasse Bad Voeslau"]
[BlackTeam "ASVOE Pamhagen"]

1. d4 e6 2. Nf3 f5 3. c4 Nf6 4. Nc3 Bb4 5. Qb3 a5 6. e3 O-O 7. Be2 b6 8. O-O
Bb7 9. c5 Bxc3 10. bxc3 a4 11. Qb2 d6 12. cxb6 cxb6 13. c4 Ne4 14. Nd2 Nd7 15.
Qb4 Nxd2 16. Bxd2 Qe7 17. f3 Bc6 18. Bd1 Rfb8 19. Be2 Nf6 20. Qa3 Qc7 21. Rab1
e5 22. Rfc1 h6 23. Bc3 exd4 24. exd4 d5 25. Be1 Qd7 26. Bg3 Rb7 27. Be5 Ne8 28.
Rb2 dxc4 29. Bxc4+ Bd5 30. Bb5 Qe6 31. Rbc2 Nf6 32. Qd3 Rd8 33. a3 Nd7 34. Re2
Nxe5 35. Rxe5 Qf7 36. Rxf5 Qe6 37. Re5 Qf7 38. Rxd5 1-0

[Event "2. Bundesliga Ost 2016/2017"]
[Site "alle Wien"]
[Date "2017.01.14"]
[Round "6"]
[Board "3"]
[White "Movsesian, Julia"]
[Black "Jovanovic, Dusan"]
[Result "1/2-1/2"]
[WhiteElo "2322"]
[BlackElo "2375"]
[PlyCount "49"]
[EventDate "2016.10.15"]
[EventType "team"]
[EventRounds "11"]
[EventCountry "AUT"]
[WhiteTeam "ASVOE Pamhagen"]
[BlackTeam "SK Sparkasse Bad Voeslau"]

1. e4 e6 2. d4 d5 3. Nd2 Nf6 4. e5 Ng8 5. c3 Qd7 6. Bd3 b6 7. Ne2 Ba6 8. Bc2 c5
9. Nf3 Nc6 10. O-O Nge7 11. Re1 Bxe2 12. Rxe2 h6 13. h4 g6 14. Bf4 c4 15. b3
Na5 16. Rb1 Rc8 17. Bd2 Kd8 18. b4 Nac6 19. b5 Na5 20. Nh2 Nf5 21. g3 h5 22.
Nf3 Kc7 23. Re1 Be7 24. Ng5 Rcf8 25. Bf4 1/2-1/2

[Event "2. Bundesliga Ost 2016/2017"]
[Site "alle Wien"]
[Date "2017.01.14"]
[Round "6"]
[Board "4"]
[White "Grimm, Daniel"]
[Black "Alvir, Aco"]
[Result "0-1"]
[WhiteElo "2346"]
[BlackElo "2359"]
[PlyCount "86"]
[EventDate "2016.10.15"]
[EventType "team"]
[EventRounds "11"]
[EventCountry "AUT"]
[WhiteTeam "SK Sparkasse Bad Voeslau"]
[BlackTeam "ASVOE Pamhagen"]

1. e4 g6 2. d4 Bg7 3. Nc3 c5 4. dxc5 Bxc3+ 5. bxc3 Nf6 6. e5 Ne4 7. Qd4 Qa5 8.
Be3 Nc6 9. Qc4 b6 10. Rb1 Qxc3+ 11. Qxc3 Nxc3 12. Rb3 Nd5 13. cxb6 Nxe3 14.
Rxe3 axb6 15. Bc4 Ra5 16. Nf3 Rc5 17. Bb3 Ba6 18. h4 h6 19. Kd2 O-O 20. Kc1 Rc8
21. Rd1 Rc7 22. Kb2 Kf8 23. Rd2 Bf1 24. g3 e6 25. Nh2 Bc4 26. Ng4 Ke7 27. f4
Nb4 28. Rc3 Nd5 29. Rxc4 Rxc4 30. Bxc4 Rxc4 31. Nxh6 f5 32. Ng8+ Kf7 33. Nf6
Nxf6 34. exf6 d5 35. Rh2 Kxf6 36. h5 gxh5 37. Rxh5 Ke7 38. Kb3 Re4 39. Rh7+ Kd6
40. c3 Re3 41. Kb4 Rxg3 42. a4 Rf3 43. Rb7 Kc6 0-1

[Event "2. Bundesliga Ost 2016/2017"]
[Site "alle Wien"]
[Date "2017.01.14"]
[Round "6"]
[Board "5"]
[White "Eder, Martin"]
[Black "Lampl, Gerald"]
[Result "1/2-1/2"]
[WhiteElo "2165"]
[BlackElo "2082"]
[PlyCount "83"]
[EventDate "2016.10.15"]
[EventType "team"]
[EventRounds "11"]
[EventCountry "AUT"]
[WhiteTeam "ASVOE Pamhagen"]
[BlackTeam "SK Sparkasse Bad Voeslau"]

1. e4 c6 2. d4 d5 3. exd5 cxd5 4. Bd3 Nc6 5. c3 Qc7 6. Bg5 e6 7. Nf3 Bd6 8. O-O
Nge7 9. Bh4 Nf5 10. Bxf5 exf5 11. Re1+ Kf8 12. Qe2 Bd7 13. Ne5 f6 14. Nxd7+
Qxd7 15. Qe6 Re8 16. Qxe8+ Qxe8 17. Rxe8+ Kxe8 18. f3 b5 19. Bg3 f4 20. Bf2 Kd7
21. Nd2 Na5 22. Rc1 Rc8 23. Kf1 b4 24. Ke2 bxc3 25. Rxc3 Rxc3 26. bxc3 Nc4 27.
Kd3 Nxd2 28. Kxd2 Kc6 29. Kc2 Kb5 30. Kb3 a6 31. a4+ Kb6 32. c4 Kc6 33. Be1 Bc7
34. Bb4 h5 35. Bf8 g6 36. Bg7 Bd8 37. Bf8 g5 38. h3 f5 39. Bg7 a5 40. h4 g4 41.
Bh6 Bxh4 42. Bxf4 1/2-1/2

[Event "2. Bundesliga Ost 2016/2017"]
[Site "alle Wien"]
[Date "2017.01.14"]
[Round "6"]
[Board "6"]
[White "Haas, Bernhard"]
[Black "Prinzjakowitsch, Bernhard"]
[Result "1-0"]
[WhiteElo "2013"]
[BlackElo "2180"]
[PlyCount "41"]
[EventDate "2016.10.15"]
[EventType "team"]
[EventRounds "11"]
[EventCountry "AUT"]
[WhiteTeam "SK Sparkasse Bad Voeslau"]
[BlackTeam "ASVOE Pamhagen"]

1. d4 Nf6 2. c4 g6 3. Nc3 d5 4. cxd5 Nxd5 5. g3 Bg7 6. Bg2 Nxc3 7. bxc3 c5 8.
Nf3 Nc6 9. e3 O-O 10. O-O Be6 11. Qa4 a6 12. dxc5 Bxc3 13. Rb1 Qa5 14. Qh4 f6
15. Nd4 Nxd4 16. exd4 Bf5 17. Rxb7 g5 18. Bd5+ Kh8 19. Qh6 Bxd4 20. Rxe7 Qxc5
21. Qxh7+ 1-0